[Event "CZE-chTB U20 1314"]
[Site "Czech Republic"]
[Date "2014.04.25"]
[Round "8.4"]
[White "Novak, Lukas"]
[Black "Nosek, Jan"]
[Result "1-0"]
[WhiteElo "1699"]
[BlackElo "1727"]
[PlyCount "79"]
[EventDate "2013.10.12"]
[EventType "team-tourn"]
[EventRounds "11"]
[EventCountry "CZE"]
[SourceTitle "EXT 2015"]
[Source "ChessBase"]
[SourceDate "2014.11.20"]
[SourceVersion "1"]
[SourceVersionDate "2014.11.20"]
[SourceQuality "1"]
[WhiteTeam "Tabor (U20)"]
[BlackTeam "Hradec Kralove (U20)"]
[WhiteTeamCountry "CZE"]
[BlackTeamCountry "CZE"]

1. d4 Nf6 2. c4 g6 3. Nc3 d5 4. Bg5 Ne4 5. Bh4 Nxc3 6. bxc3 Bg7 7. e3 c5 8. Qb3 cxd4 9. cxd4 Qa5+ 10. Kd1 dxc4 11. Bxc4 e6 12. Qb5+ Qxb5 13. Bxb5+ Bd7 14. Be2 Nc6 15. Rb1 b6 16. Bf3 Rc8 17. Ne2 Na5 18. Rc1 0-0 19. Kd2 Nc4+ 20. Ke1 Bb5 21. Nc3 Nd6 22. Be7 Nf5 23. Bxf8 Bxf8 24. Kd1 Ba3 25. Rb1 Rxc3 26. Kd2 Rd3+ 27. Kc2 Bc4 28. Be4 Nxd4+ 29. exd4 Rxd4 30. f3 b5 31. Rhd1 e5 32. Rxd4 exd4 33. Rd1 f5 34. Bd3 Bxd3+ 35. Kxd3 Bb2 36. Rb1 Bc3 37. Rxb5 a5 38. Rb7 Kh8 39. a4 Kg8 40. Rd7 1-0

[Event "CZE-chTW U20 1314"]
[Site "Czech Republic"]
[Date "2014.01.25"]
[Round "6.4"]
[White "Novak, Lukas"]
[Black "Hurdzan, Tomas"]
[Result "0-1"]
[WhiteElo "1699"]
[BlackElo "1870"]
[PlyCount "68"]
[EventDate "2013.10.12"]
[EventType "team-tourn"]
[EventRounds "11"]
[EventCountry "CZE"]
[SourceTitle "EXT 2015"]
[Source "ChessBase"]
[SourceDate "2014.11.20"]
[SourceVersion "1"]
[SourceVersionDate "2014.11.20"]
[SourceQuality "1"]
[WhiteTeam "Tabor (U20)"]
[BlackTeam "Klatovy (U20)"]
[WhiteTeamCountry "CZE"]
[BlackTeamCountry "CZE"]

1. d4 Nf6 2. c4 g6 3. Nc3 Bg7 4. e4 d6 5. Nf3 0-0 6. Be2 e5 7. dxe5 dxe5 8. Bg5 Nbd7 9. 0-0 h6 10. Bh4 Re8 11. Qc2 c6 12. Rfd1 Qe7 13. Rd2 Nf8 14. Rad1 Bg4 15. Rd6 Bxf3 16. Bxf3 Ne6 17. Rd7 Qxd7 18. Rxd7 Nxd7 19. Qd2 Nd4 20. Bg4 Nf8 21. Na4 b6 22. b4 h5 23. Bh3 f6 24. f3 Rad8 25. Qb2 Re7 26. c5 b5 27. Nc3 Kh7 28. Bf2 Nfe6 29. Be3 Bh6 30. Bxh6 Kxh6 31. Bxe6 Nxe6 32. Kf2 Red7 33. Ke1 Nf4 34. Qc2 Nd3+ 0-1

[Event "CZE-chTW U20 1314"]
[Site "Czech Republic"]
[Date "2014.01.25"]
[Round "7.4"]
[White "Novy, Filip"]
[Black "Novak, Lukas"]
[Result "1-0"]
[WhiteElo "1803"]
[BlackElo "1699"]
[PlyCount "87"]
[EventDate "2013.10.12"]
[EventType "team-tourn"]
[EventRounds "11"]
[EventCountry "CZE"]
[SourceTitle "EXT 2015"]
[Source "ChessBase"]
[SourceDate "2014.11.20"]
[SourceVersion "1"]
[SourceVersionDate "2014.11.20"]
[SourceQuality "1"]
[WhiteTeam "Praha Oaza (U20)"]
[BlackTeam "Tabor (U20)"]
[WhiteTeamCountry "CZE"]
[BlackTeamCountry "CZE"]

1. e4 e6 2. d4 d5 3. Nc3 Bb4 4. e5 c5 5. Bd2 Nc6 6. Nb5 Bxd2+ 7. Qxd2 Nxd4 8. Nxd4 cxd4 9. f4 Ne7 10. Nf3 Qb6 11. 0-0-0 Nf5 12. Nxd4 Nxd4 13. Qxd4 Bd7 14. g4 Qxd4 15. Rxd4 Rc8 16. Bd3 Ke7 17. h4 Rc5 18. b4 Rc7 19. f5 h6 20. Rf1 Kd8 21. Kb2 a6 22. c4 dxc4 23. Bxc4 Kc8 24. f6 g6 25. Rfd1 Bc6 26. Rd6 Rd7 27. Bxa6 Rxd6 28. Rxd6 Bf3 29. Bb5 Bxg4 30. a4 g5 31. Rd4 Bf3 32. Kc3 g4 33. Kd2 g3 34. Ke3 g2 35. Rc4+ Kb8 36. Rc1 Bd5 37. Be2 Rg8 38. Kf2 Rc8 39. Rxc8+ Kxc8 40. Bh5 Kd7 41. Bxf7 b6 42. Bh5 Kd8 43. Bg4 Bc6 44. Bxe6 1-0

[Event "Czech Fed-ch U16"]
[Site "Hrdonov"]
[Date "2013.10.30"]
[Round "6"]
[White "Novak, Lukas"]
[Black "Ptacek, Tomas"]
[Result "0-1"]
[WhiteElo "1647"]
[BlackElo "2060"]
[PlyCount "56"]
[EventDate "2013.10.26"]
[EventType "swiss"]
[EventRounds "9"]
[EventCountry "CZE"]
[SourceTitle "EXT 2016"]
[Source "ChessBase"]
[SourceDate "2015.10.08"]
[SourceVersion "1"]
[SourceVersionDate "2015.10.08"]
[SourceQuality "1"]

1. d4 e6 2. c4 Nf6 3. Nf3 d5 4. Bg5 Be7 5. e3 h6 6. Bh4 0-0 7. Nc3 b6 8. cxd5 exd5 9. Bd3 Bb7 10. 0-0 Nbd7 11. Rc1 c5 12. Bb5 a6 13. Bxd7 Qxd7 14. Na4 g5 15. Nxb6 Qc6 16. Nxa8 gxh4 17. Nxh4 Rxa8 18. Nf5 Bf8 19. Qf3 c4 20. Qh3 Kh7 21. g4 Bc8 22. g5 Ne4 23. gxh6 Qg6+ 24. Kh1 Bxf5 25. Qg2 Qxg2+ 26. Kxg2 Bxh6 27. f3 Rg8+ 28. Kh1 Bxe3 0-1

[Event "CZE Czechia-ch U12"]
[Site "Harrachov"]
[Date "2009.10.29"]
[Round "7"]
[White "Novak, Lukas"]
[Black "Pulpan, Jakub"]
[Result "0-1"]
[WhiteElo "1351"]
[BlackElo "1946"]
[PlyCount "58"]
[EventDate "2009.10.24"]
[EventType "swiss"]
[EventRounds "9"]
[EventCountry "CZE"]
[SourceTitle "EXT 2012"]
[Source "ChessBase"]
[SourceDate "2011.11.24"]
[SourceVersion "1"]
[SourceVersionDate "2011.11.24"]
[SourceQuality "1"]

1. d4 Nf6 2. c4 g6 3. Nc3 d5 4. Nf3 Bg7 5. Bg5 c6 6. e3 0-0 7. Be2 Qa5 8. Qa4 Qxa4 9. Nxa4 dxc4 10. Nc3 b5 11. a4 b4 12. Na2 b3 13. Nb4 a5 14. Bxc4 axb4 15. Bxb3 Ba6 16. Ne5 e6 17. Bc4 Nfd7 18. Nxd7 Nxd7 19. Bxa6 Rxa6 20. 0-0 c5 21. dxc5 Bxb2 22. Rab1 Bc3 23. Be7 Rc8 24. c6 Raxc6 25. Bxb4 Bxb4 26. Rxb4 Rc4 27. Rxc4 Rxc4 28. Ra1 Nc5 29. a5 Nb3 0-1

[Event "CZE Czechia-ch U12"]
[Site "Harrachov"]
[Date "2009.10.27"]
[Round "4"]
[White "Novak, Lukas"]
[Black "Dolezalova, Lada"]
[Result "1-0"]
[WhiteElo "1351"]
[BlackElo "1583"]
[PlyCount "101"]
[EventDate "2009.10.24"]
[EventType "swiss"]
[EventRounds "9"]
[EventCountry "CZE"]
[SourceTitle "EXT 2012"]
[Source "ChessBase"]
[SourceDate "2011.11.24"]
[SourceVersion "1"]
[SourceVersionDate "2011.11.24"]
[SourceQuality "1"]

1. d4 d5 2. c4 e6 3. Nc3 Nf6 4. Bg5 Nbd7 5. e3 Bb4 6. Qb3 Bxc3+ 7. Qxc3 b6 8. cxd5 exd5 9. Bb5 0-0 10. Bc6 Rb8 11. Qb3 Re8 12. Bxd5 Qe7 13. Nf3 Ba6 14. Bc6 Rbd8 15. Qa4 Bd3 16. Bxd7 Rxd7 17. Ne5 Bf5 18. Nxd7 Bxd7 19. Bxf6 Bxa4 20. Bxe7 Rxe7 21. 0-0 Bb5 22. Rfc1 h6 23. Rc3 c6 24. a4 Ba6 25. Rxc6 Bb7 26. Rc3 Ba6 27. Rac1 Kh7 28. Rc7 Rxc7 29. Rxc7 f6 30. Rxa7 Bc4 31. Rb7 Bd5 32. Rxb6 Kg6 33. a5 Be4 34. a6 h5 35. a7 h4 36. Rb8 Bd5 37. a8Q Bxa8 38. Rxa8 f5 39. Rc8 Kh6 40. b4 g5 41. b5 g4 42. b6 Kg5 43. b7 Kf6 44. b8Q Kg5 45. Qf4+ Kf6 46. Rc5 Ke6 47. Qxf5+ Kd6 48. Qd5+ Ke7 49. Rc6 h3 50. Qe6+ Kf8 51. Qf6+ 1-0

[Event "CZE Czechia-ch U12"]
[Site "Harrachov"]
[Date "2009.10.26"]
[Round "3"]
[White "Reznicek, Dominik"]
[Black "Novak, Lukas"]
[Result "1-0"]
[WhiteElo "1594"]
[BlackElo "1351"]
[PlyCount "105"]
[EventDate "2009.10.24"]
[EventType "swiss"]
[EventRounds "9"]
[EventCountry "CZE"]
[SourceTitle "EXT 2012"]
[Source "ChessBase"]
[SourceDate "2011.11.24"]
[SourceVersion "1"]
[SourceVersionDate "2011.11.24"]
[SourceQuality "1"]

1. e4 d5 2. exd5 Nf6 3. Bc4 Nxd5 4. Nf3 Bg4 5. h3 Bh5 6. d3 Nc6 7. 0-0 Qd7 8. Bxd5 Qxd5 9. Be3 Nd4 10. Bxd4 Bxf3 11. Qxf3 Qxd4 12. Qxb7 Rd8 13. Nc3 Qb6 14. Qxb6 axb6 15. Rfe1 e6 16. Re4 Bc5 17. Rae1 0-0 18. Rc4 Rd4 19. Re4 Rfd8 20. Rexd4 Rxd4 21. Rxd4 Bxd4 22. Kf1 f5 23. Ke2 Kf7 24. f3 Kf6 25. Nb5 Bxb2 26. Nxc7 Ke5 27. Nb5 Kf4 28. Kf2 Bc1 29. g3+ Ke5 30. Ke2 h5 31. d4+ Kd5 32. Kd3 g5 33. Nc7+ Kd6 34. Ne8+ Ke7 35. Ng7 h4 36. g4 fxg4 37. fxg4 Bf4 38. Kc4 e5 39. dxe5 Bxe5 40. Nf5+ Kd7 41. Kd5 Bf4 42. c4 Bg3 43. c5 bxc5 44. Kxc5 Bf2+ 45. Kd5 Bg3 46. a4 Bc7 47. Kc5 Kc8 48. Kb5 Kb7 49. a5 Bb8 50. Nd4 Bc7 51. Ne6 Bf4 52. Nxf4 gxf4 53. Kc4 1-0

[Event "CZE-ch U10"]
[Site "Sec u Chrudimi"]
[Date "2008.03.14"]
[Round "8"]
[White "Novak, Lukas"]
[Black "Vozak, Tomas"]
[Result "1-0"]
[WhiteElo "1403"]
[BlackElo "1000"]
[PlyCount "83"]
[EventDate "2008.03.08"]
[EventType "swiss"]
[EventRounds "9"]
[EventCountry "CZE"]
[SourceTitle "EXT 2009"]
[Source "ChessBase"]
[SourceDate "2008.11.26"]
[SourceVersion "1"]
[SourceVersionDate "2008.11.26"]
[SourceQuality "1"]

1. d4 d5 2. c4 Nf6 3. Bg5 c6 4. e3 Bf5 5. Nc3 h6 6. Bh4 Qa5 7. Rc1 e6 8. Qb3 b6 9. Bxf6 gxf6 10. a3 Nd7 11. Nf3 Rb8 12. Nd2 Bd6 13. cxd5 exd5 14. Qa2 b5 15. b4 Qc7 16. Nxb5 Rxb5 17. Bxb5 0-0 18. Rxc6 Qb8 19. Qxd5 Be6 20. Qxd6 Qxb5 21. Qg3+ Kh8 22. Rc1 Rg8 23. Qh4 h5 24. Ne4 Rg4 25. Nd6 Qd5 26. Rc8+ Kg7 27. Ne8+ Kg6 28. Qh3 Rxd4 29. Qf3 Re4 30. h3 Qe5 31. Qg3+ Qxg3 32. fxg3 Rxe3+ 33. Kf2 Rxa3 34. Nd6 Ra4 35. Rc7 Rxb4 36. Rxa7 Rb2+ 37. Kg1 Rd2 38. Ne4 Re2 39. Nf2 Re1+ 40. Kh2 Re2 41. Nd3 Bd5 42. Nf4+ 1-0

[Event "CZE-ch U10"]
[Site "Sec u Chrudimi"]
[Date "2008.03.11"]
[Round "5"]
[White "Pecinka, Ondrej"]
[Black "Novak, Lukas"]
[Result "1-0"]
[WhiteElo "1301"]
[BlackElo "1403"]
[PlyCount "79"]
[EventDate "2008.03.08"]
[EventType "swiss"]
[EventRounds "9"]
[EventCountry "CZE"]
[SourceTitle "EXT 2009"]
[Source "ChessBase"]
[SourceDate "2008.11.26"]
[SourceVersion "1"]
[SourceVersionDate "2008.11.26"]
[SourceQuality "1"]

1. e4 d5 2. exd5 Nf6 3. Bc4 Nxd5 4. Nf3 Nc6 5. 0-0 Bg4 6. d3 Nd4 7. Nbd2 Nf4 8. Bxf7+ Kxf7 9. Ne5+ Kg8 10. Qxg4 Nfe6 11. Nb3 Qd5 12. Nxd4 Nxd4 13. Bf4 h5 14. Qd1 g5 15. c4 Qd6 16. Bg3 h4 17. Nf7 Qf6 18. Nxh8 hxg3 19. fxg3 Qxh8 20. Qg4 Qg7 21. Rf2 e6 22. Raf1 Nf5 23. Re1 Bc5 24. Rxe6 Bxf2+ 25. Kxf2 Rf8 26. Kg1 Rf6 27. Re8+ Rf8 28. Rxf8+ Qxf8 29. Qxg5+ Kh7 30. Qf4 Qf7 31. Qe4 Kh6 32. Qxb7 Ne3 33. Qf3 Qxf3 34. gxf3 Kg6 35. g4 Kg5 36. b3 Nd1 37. Kf1 Nc3 38. Ke1 Nxa2 39. Kd2 Nb4 40. Ke3 1-0